地理の統計TOP5〜6 林業編 - Statistics

General Stats
  • This quiz has been taken 11 times
  • The average score is 9 of 31
Answer Stats
統計 世界計 順位 Answer % Correct
木材伐採量 40億m³ 1 アメリカ
100%
2 インド
63%
3 中国
63%
4 ブラジル
63%
5 ロシア
63%
6 インドネシア
63%
木材輸出量 3.2億m³ 1 ロシア
50%
2 カナダ
38%
2 アメリカ
38%
日本の木材輸入先(2005年) 44億ドル 1 カナダ
38%
日本の木材輸入先(2022年) 5479億円 1 カナダ
38%
日本の木材輸入先(1965年) 4.9億ドル 1 フィリピン
25%
5 カナダ
25%
日本の木材輸入先(1985年) 37億ドル 1 マレーシア
25%
2 アメリカ
25%
3 カナダ
25%
2 アメリカ
25%
2 アメリカ
25%
3 マレーシア
13%
4 ソ連
13%
4 ソ連
13%
5 フィリピン
13%
3 ロシア
13%
4 マレーシア
13%
5 フィンランド
13%
3 スウェーデン
13%
4 フィンランド
13%
5 ロシア
13%
3 ニュージーランド
0%
4 ドイツ
0%
5 チェコ
0%
No matching quizzes found
Score Distribution
Percent of People with Each Score
Percentile by Number Answered
Your Score History
You have not taken this quiz